Movies Quiz

Random Movies or Nominee Quiz

Oscar Nominees (2013) Quiz Stats

Quiz Updated Jan 17, 2018

Challenge
Share
Tweet
Embed
Score 0/101 Timer 08:00
1 Play Today
Hint Answer % Correct
Best PictureAmerican Hustle
87.7%
Best Production DesignAmerican Hustle
87.7%
Original ScreenplayAmerican Hustle
87.7%
Best EditingAmerican Hustle
87.7%
Best Costume DesignAmerican Hustle
87.7%
Best Picture12 Years a Slave
86.9%
Adapted Screenplay12 Years a Slave
86.9%
Best Editing12 Years a Slave
86.9%
Best Production Design12 Years a Slave
86.9%
Best Costume Design12 Years a Slave
86.9%
Best Supporting ActressJennifer Lawrence - American Hustle
83.6%
Best PictureGravity
82.8%
Best EditingGravity
82.7%
Best Production DesignGravity
82.7%
Best Sound MixingGravity
82.7%
Best Sound EditingGravity
82.7%
Best Original ScoreGravity
82.7%
Best CinematographyGravity
82.7%
Best Visual EffectsGravity
82.7%
Best PictureThe Wolf of Wall Street
82.1%
Adapted ScreenplayThe Wolf of Wall Street
82.1%
Best ActorLeonardo DiCaprio - The Wolf of Wall Street
80.8%
Best PictureDallas Buyers Club
79.9%
Original ScreenplayDallas Buyers Club
79.9%
Makeup/HairstylingDallas Buyers Club
79.9%
Best EditingDallas Buyers Club
79.9%
Best ActressAmy Adams - American Hustle
78.7%
Best ActorChristian Bale - American Hustle
76.5%
Best Supporting ActorBradley Cooper - American Hustle
73.8%
Best ActressSandra Bullock - Gravity
72%
Best Original Song'Let It Go' - Frozen
70.9%
Best Animated FeatureFrozen
70.7%
Best Supporting ActorJared Leto - Dallas Buyers Club
70.1%
Best ActorMatthew McConaughey - Dallas Buyers Club
68.4%
Hint Answer % Correct
Best ActressMeryl Streep - August: Osage County
67.5%
Best PictureNebraska
63.2%
Original ScreenplayNebraska
63.2%
Best CinematographyNebraska
63.2%
Best Original Song'The Moon Song' - Her
63.1%
Best PictureHer
63.1%
Original ScreenplayHer
63.1%
Best Production DesignHer
63.1%
Best Original ScoreHer
63.1%
Best ActressCate Blanchett - Blue Jasmine
62.8%
Best Supporting ActorJonah Hill - The Wolf of Wall Street
62.2%
Best PictureCaptain Phillips
61.6%
Adapted ScreenplayCaptain Phillips
61.6%
Best EditingCaptain Phillips
61.6%
Best Sound MixingCaptain Phillips
61.6%
Best Sound EditingCaptain Phillips
61.6%
Best PicturePhilomena
61.5%
Adapted ScreenplayPhilomena
61.5%
Best Original ScorePhilomena
61.4%
Best DirectorMartin Scorsese - The Wolf of Wall Street
60.1%
Best Supporting ActressJulia Roberts - August: Osage County
57.4%
Best DirectorSteve McQueen - 12 Years a Slave
55.8%
Best ActressJudi Dench - Philomena
54.5%
Best Supporting ActressLupita Nyong'o - 12 Years a Slave
54.5%
Best DirectorAlfonso Cuarón - Gravity
54.2%
Best ActorChiwetel Ejiofor - 12 Years a Slave
54.2%
Original ScreenplayBlue Jasmine
53.9%
Best DirectorDavid O. Russell - American Hustle
53.6%
Best ActorBruce Dern - Nebraska
53.1%
Best Supporting ActorMichael Fassbender - 12 Years a Slave
51.1%
Best Original Song'Happy' - Despicable Me 2
44.7%
Best Animated FeatureDespicable Me 2
43.1%
Best Supporting ActressJune Squibb - Nebraska
39.1%
Best Supporting ActorBarkhad Abdi - Captain Phillips
37.8%
Hint Answer % Correct
Best DirectorAlexander Payne - Nebraska
36.2%
Best Supporting ActressSally Hawkins - Blue Jasmine
35.8%
Best Sound MixingThe Hobbit: The Desolation of Smaug
34.9%
Best Sound EditingThe Hobbit: The Desolation of Smaug
34.9%
Best Visual EffectsThe Hobbit: The Desolation of Smaug
34.9%
Best Production DesignThe Great Gatsby
33.5%
Best Costume DesignThe Great Gatsby
33.5%
Best Animated FeatureThe Croods
32.5%
Best Visual EffectsIron Man 3
29.3%
Best Sound MixingInside Llewyn Davis
28.5%
Best CinematographyInside Llewyn Davis
28.5%
Makeup/HairstylingJackass Presents: Bad Grandpa
25.7%
Best Original ScoreSaving Mr. Banks
25.4%
Best Original Song'Ordinary Love' - Mandela: Long Walk to Freedom
25.1%
Best Foreign FeatureThe Great Beauty - Italy
23.5%
Adapted ScreenplayBefore Midnight
23.2%
Makeup/HairstylingThe Lone Ranger
22.4%
Best Visual EffectsThe Lone Ranger
22.4%
Best Animated FeatureThe Wind Rises
22.2%
Best Foreign FeatureJagten - Denmark
22%
Best Visual EffectsStar Trek Into Darkness
20.7%
Best CinematographyPrisoners
20.4%
Best Sound MixingLone Survivor
20.1%
Best Sound EditingLone Survivor
20.1%
Best Sound EditingAll Is Lost
19.7%
Best Costume DesignThe Grandmaster
18.3%
Best CinematographyThe Grandmaster
18.3%
Best Original ScoreThe Book Thief
18.3%
Best Animated FeatureErnest & Celestine
17.9%
Best Foreign FeatureOmar - Palestine
15.6%
Best Foreign FeatureThe Broken Circle Breakdown - Belgium
15.2%
Best Costume DesignThe Invisible Woman
14%
Best Foreign FeatureThe Missing Picture - Cambodia
11.9%

You're not logged in!

Compare scores with friends on all Sporcle quizzes.
Join for Free
OR
Log In

You Might Also Like...

Show Comments

Extras

Top Quizzes Today


Score Distribution

Your Account Isn't Verified!

In order to create a playlist on Sporcle, you need to verify the email address you used during registration. Go to your Sporcle Settings to finish the process.

Report this User

Report this user for behavior that violates our Community Guidelines.

Details: